<?xml version="1.0" encoding="UTF-8"?>
<record
    xmlns:xsi="http://www.w3.org/2001/XMLSchema-instance"
    xsi:schemaLocation="http://www.loc.gov/MARC21/slim http://www.loc.gov/standards/marcxml/schema/MARC21slim.xsd"
    xmlns="http://www.loc.gov/MARC21/slim">

  <leader>00452nam a22001457a 4500</leader>
  <controlfield tag="005">20180723170556.0</controlfield>
  <datafield tag="020" ind1=" " ind2=" ">
    <subfield code="a">0761932305</subfield>
    <subfield code="c">895.00</subfield>
  </datafield>
  <datafield tag="035" ind1=" " ind2=" ">
    <subfield code="a">B-167014, B-167013</subfield>
  </datafield>
  <datafield tag="037" ind1=" " ind2=" ">
    <subfield code="a">DPL</subfield>
    <subfield code="b">ENG</subfield>
  </datafield>
  <datafield tag="100" ind1=" " ind2=" ">
    <subfield code="a">Rajain, Arpit</subfield>
  </datafield>
  <datafield tag="245" ind1=" " ind2=" ">
    <subfield code="a">Nuclear deterrence in Southern Asia :</subfield>
    <subfield code="b">China, India and Paksitan /</subfield>
    <subfield code="c">by Arpit Rajain</subfield>
  </datafield>
  <datafield tag="260" ind1=" " ind2=" ">
    <subfield code="a">New Delhi</subfield>
    <subfield code="b">Sage Publications </subfield>
    <subfield code="c">2005</subfield>
  </datafield>
  <datafield tag="300" ind1=" " ind2=" ">
    <subfield code="a">495p.</subfield>
    <subfield code="c">20 cms.</subfield>
  </datafield>
  <datafield tag="942" ind1=" " ind2=" ">
    <subfield code="2">ddc</subfield>
    <subfield code="c">EN</subfield>
    <subfield code="h">355.0217</subfield>
    <subfield code="m">RAJ</subfield>
  </datafield>
  <datafield tag="999" ind1=" " ind2=" ">
    <subfield code="c">67605</subfield>
    <subfield code="d">67605</subfield>
  </datafield>
  <datafield tag="952" ind1=" " ind2=" ">
    <subfield code="0">0</subfield>
    <subfield code="1">0</subfield>
    <subfield code="4">0</subfield>
    <subfield code="7">0</subfield>
    <subfield code="8">NFIC</subfield>
    <subfield code="a">ZLS</subfield>
    <subfield code="b">ZLS</subfield>
    <subfield code="d">2012-06-06</subfield>
    <subfield code="g">895.00</subfield>
    <subfield code="l">1</subfield>
    <subfield code="o">355.0217 RAJ</subfield>
    <subfield code="p">B-167014</subfield>
    <subfield code="r">2019-03-31 00:00:00</subfield>
    <subfield code="s">2019-03-17</subfield>
    <subfield code="v">895.00</subfield>
    <subfield code="y">EN</subfield>
  </datafield>
  <datafield tag="952" ind1=" " ind2=" ">
    <subfield code="0">0</subfield>
    <subfield code="1">0</subfield>
    <subfield code="4">0</subfield>
    <subfield code="7">0</subfield>
    <subfield code="8">NFIC</subfield>
    <subfield code="a">BL1</subfield>
    <subfield code="b">BL1</subfield>
    <subfield code="d">2018-07-23</subfield>
    <subfield code="e">BPPD/PUB</subfield>
    <subfield code="g">850.00</subfield>
    <subfield code="l">0</subfield>
    <subfield code="o">355.0217 RAJ</subfield>
    <subfield code="p">B-167013</subfield>
    <subfield code="r">2018-07-23 00:00:00</subfield>
    <subfield code="v">850.00</subfield>
    <subfield code="w">2018-07-23</subfield>
    <subfield code="y">EN</subfield>
  </datafield>
</record>
